Partition: (Record no. 160627)

MARC details
000 -LEADER
fixed length control field 00525nam a22001697a 4500
005 - DATE AND TIME OF LATEST TRANSACTION
control field 20190206162651.0
010 ## - LCCN (DPL NO)
LC control number A-949933
020 ## - INTERNATIONAL STANDARD BOOK NUMBER
Terms of availability 175.00
035 ## - SYSTEM CONTROL NUMBER
System control number A-949933
037 ## - SOURCE OF ACQUISITION
Source of stock number/acquisition Khuda Bakhsh Oriental Public Library
082 ## - DEWEY DECIMAL CLASSIFICATION NUMBER
Classification number 954.08
100 ## - MAIN ENTRY--PERSONAL NAME
Personal name Rizvi, Syed Sifarish Husain
245 ## - TITLE STATEMENT
Title Partition:
Remainder of title end product of the trend /
Statement of responsibility, etc Syed Sifarish Husain Rizvi
260 ## - PUBLICATION, DISTRIBUTION, ETC. (IMPRINT)
Place of publication, distribution, etc New Delhi
Name of publisher, distributor, etc Khuda Bakhsh Oriental Public Library
Date of publication, distribution, etc 954.08
300 ## - PHYSICAL DESCRIPTION
Extent 256p.
Dimensions 22cm(hbk)
942 ## - ADDED ENTRY ELEMENTS (KOHA)
Source of classification or shelving scheme Dewey Decimal Classification
Item type English Books
Classification part 985.08
Call number suffix RIZ
Holdings
Withdrawn status Lost status Not for loan Collection code Home library Current library Date acquired Full call number Barcode Koha item type
      Non-fiction Sarojini Nagar Sarojini Nagar 06/02/2019 985.08 RIZ A-949933 English Books

© Delhi Public Library
Hit Counter
free hit counter